000
00318nam a2200133Ia 4500
008
230312s9999||||xx |||||||||||||| ||und||
082
_a
891.4
_b
HAM-A
100
_a
حامد کمال الدین
245
0
_a
ایقاظ
260
_b
sabzazar lahore
_a
pak
_c
2014
300
_a
223
650
_a
Literature
942
_c
BK
999
_c
15054
_d
15054